| 000 | 00421nam a2200157 4500 | ||
|---|---|---|---|
| 999 |
_c9541 _d9541 |
||
| 003 | OSt | ||
| 005 | 20210702121722.0 | ||
| 008 | 210702b ||||| |||| 00| 0 eng d | ||
| 020 | _a9780415534932 | ||
| 082 |
_a720.103 _bCAR |
||
| 100 | _a Cardinal-Pett, Clare | ||
| 245 | _a A history of architecture and urbanism in the Americas | ||
| 250 | _a1st edition | ||
| 260 |
_aLondon _bRoutledge; _c8 January 2016 |
||
| 942 | _2ddc | ||